000 00913cam a2200181 4500
001 WB3828-01
008 020801n2002 000 0 eng u
035 _a(Sirsi) u119152
245 _aUK Commercial Forecast July 2002
260 _c2002
490 _aRICS Economic Forecasts
_v 30 July 2002, (1)
520 _aRICS Policy Unit reports that demand for commercial property remains weak, and is set for a slow recovery. Retail sector set to outperform office and industrial sectors in terms of rental growth. Stockmarket falls may see investor sentiment swing in favour of commercial property. For PDF of full report www.rics.org/downloads/Comm_Forecast_Jul_2002.pdf www.rics.org/ricscms/bin/show?class=EconomicForecasts&template=/includes/showeconomicforecasts.html&id=12
590 _aWB
650 _aFORECASTS
650 _aECONOMIC FORECASTS
690 _aPROPERTY-COMMERCIAL PROPERTY
942 _n0
999 _c70877
_d70877